| 000 | 01867cam a2200493 4500 | ||
|---|---|---|---|
| 999 |
_c24211 _d24211 |
||
| 001 | vtls012135077 | ||
| 005 | 20260507111059.0 | ||
| 008 | 220516s2022 xo oa g f 001 0 slo | ||
| 020 |
_a9788055182414 _q(brožované) |
||
| 040 |
_aSVKPO _bslo _cSVKPO _dSNK _erda |
||
| 041 | 1 |
_aslo _hita |
|
| 044 |
_axo _cSK |
||
| 072 | 7 |
_a634 _xOvocinárstvo _2konspekt |
|
| 080 |
_a634.3 _22011 |
||
| 080 |
_a634 _22011 |
||
| 080 |
_a634.6 _22011 |
||
| 080 |
_a581.9(213.5) _22011 |
||
| 080 |
_a(035) _22011 |
||
| 100 | 1 |
_aFerioli, Eliana _4aut _95586 |
|
| 240 | 1 | 0 |
_aAgrumi in vaso. Guida indispensabile per scegliere e coltivare gli agrumi più belli _lSlovensky |
| 245 | 1 | 0 |
_aCitrusy _cEliana Ferioli ; z talianskeho originálu Agrumi in vaso. Guida indispensabile per scegliere e coltivare gli agrumi più belli ... preložila Veronika Fülepová |
| 246 | 1 |
_iObálkový podnázov: _aSprievodca pre výber a pestovanie tých najkrajších citrusov |
|
| 250 | _aPrvé vydanie | ||
| 264 | 1 |
_aBratislava _bIkar, a.s. - Príroda _c2022 |
|
| 300 |
_a96 strán _bfarebné fotografie, ilustrácie _c24 cm |
||
| 336 |
_atext _btxt _2rdacontent |
||
| 336 |
_astatický obraz _bsti _2rdacontent |
||
| 337 |
_abez média _bn _2rdamedia |
||
| 338 |
_azväzok _bnc _2rdacarrier |
||
| 500 | _aTerminologický slovník na strane 93-94 | ||
| 650 | 0 | 7 |
_acitrusy _2SNKPH _95587 |
| 650 | 0 | 7 |
_apestovanie ovocných rastlín _2SNKPH _95588 |
| 650 | 0 | 7 |
_atropické ovocie _2SNKPH _95589 |
| 650 | 0 | 7 |
_atropické rastliny _2SNKPH _95590 |
| 650 | 0 | 7 |
_aCitruses _2SNKPHeng _95591 |
| 650 | 0 | 7 |
_aFruit-culture _2SNKPHeng _95592 |
| 650 | 0 | 7 |
_aTropical fruit _2SNKPHeng _95593 |
| 650 | 0 | 7 |
_aTropical plants _2SNKPHeng _95594 |
| 655 | 7 |
_apríručky _2SNKPH _91541 |
|
| 655 | 7 |
_aHandbooks, manuals, etc. _2SNKPHeng _91630 |
|
| 700 | 1 |
_aFülepová, Veronika _4trl _95595 |
|
| 958 | _aNB | ||
| 958 | _aOP | ||